000 01604nam a2200385 a 4500
001 ebr10354499
003 CaPaEBR
006 m u
007 cr cn|||||||||
008 070724s2008 iau sb s001 0 eng
010 _z 2007030602
020 _z9781587296314 (hc : acid-free paper)
020 _z1587296314 (hc : acid-free paper)
040 _aCaPaEBR
_cCaPaEBR
035 _a(OCoLC)646887823
050 1 4 _aPS228.V5
_bH43 2008eb
082 0 4 _a810.9/358
_222
100 1 _aHerzog, Tobey C.
245 1 0 _aWriting Vietnam, writing life
_h[electronic resource] :
_bCaputo, Heinemann, O'Brien, Butler /
_cby Tobey C. Herzog.
260 _aIowa City :
_bUniversity of Iowa Press,
_cc2008.
300 _axxii, 217 p.
504 _aIncludes bibliographical references and index.
533 _aElectronic reproduction.
_bPalo Alto, Calif. :
_cebrary,
_d2013.
_nAvailable via World Wide Web.
_nAccess may be limited to ebrary affiliated libraries.
600 1 0 _aCaputo, Philip
_vInterviews.
600 1 0 _aHeinemann, Larry
_vInterviews.
600 1 0 _aO'Brien, Tim,
_d1946-
_vInterviews.
600 1 0 _aButler, Robert Olen
_vInterviews.
650 0 _aVietnam War, 1961-1975
_xLiterature and the war.
650 0 _aWar stories, American
_xHistory and criticism.
650 0 _aNovelists, American
_y20th century
_vBiography.
650 0 _aWar correspondents
_zUnited States
_vBiography.
655 7 _aElectronic books.
_2local
710 2 _aebrary, Inc.
856 4 0 _uhttp://site.ebrary.com/lib/rucke/Doc?id=10354499
_zAn electronic book accessible through the World Wide Web; click to view
999 _c44739
_d44739